[Event "Wellington Club Championship - B Grade"]
[Site "Wellington Chess Club"]
[Date "2023.10.12"]
[Round "3.3"]
[White "Tanoi, Edward"]
[Black "Rossiter, Philip E"]
[Result "1/2-1/2"]
[WhiteElo "1934"]
[BlackElo "1794"]

1. d4 Nf6 2. Nf3 b6 3. Bg5 e6 4. e3 Be7 5. Nbd2 Bb7 6. Bd3 c5 7. c3 Nc6 8. O-O
O-O 9. Re1 Rc8 10. Rc1 d6 11. a3 Qd7 12. Bb1 h6 13. Bh4 Nd5 14. e4 Nf4 15. Bxe7
Qxe7 16. d5 exd5 17. exd5 Ne5 18. Nxe5 dxe5 19. c4 f5 20. Nf3 e4 21. Qd2 Qd6
22. Nh4 Rce8 23. g3 Nh3+ 24. Kg2 Ng5 25. Qf4 Qf6 26. Qd2 Nf7 27. Kh1 Ne5 28.
Re3 g5 29. Ng2 Ng4 30. Rce1 f4 31. gxf4 gxf4 32. Rxe4 Rxe4 33. Bxe4 f3 34. Ne3
Qf4 35. Bh7+ Kxh7 36. Qd3+ Kh8 37. Qc3+ Nf6 38. Nf1 Kh7 39. Ng3 Qd4 40. Qxf3
Nxd5 41. Qxf8 1/2-1/2

[Event "Wellington Club Championship - B Grade"]
[Site "Wellington Chess Club"]
[Date "2023.10.12"]
[Round "3.4"]
[White "Jackson, Ross"]
[Black "Malcolm, Aidan"]
[Result "1-0"]
[WhiteElo "1925"]
[BlackElo "1831"]

1. d4 d5 2. c4 c6 3. Nf3 e6 4. Nc3 Nf6 5. e3 Nbd7 6. Bd3 dxc4 7. Bxc4 b5 8. Bd3
b4 9. Ne4 Nxe4 10. Bxe4 Bb7 11. Qc2 Rc8 12. O-O f5 13. Bd3 Bd6 14. Qe2 O-O 15.
e4 fxe4 16. Qxe4 Nf6 17. Qxe6+ Kh8 18. Ng5 Rc7 19. Qb3 Qe8 20. Qe6 Qd8 21. Qe2
Re7 22. Be3 h6 23. Nf3 Nd5 24. Qd2 Qe8 25. Ne5 Bxe5 26. dxe5 Rxe5 27. Bd4 Rg5
28. Rae1 Qh5 29. f4 Rg4 30. Be2 Nxf4 31. Bxg4 Qxg4 32. Bc5 Qg5 33. Be3 Nh3+ 34.
Kh1 Rxf1+ 35. Rxf1 Qg6 36. Qd8+ Kh7 37. Qd7 Ba6 38. Re1 Ng5 39. Qxa7 Bc4 40.
Bxg5 Qxg5 41. b3 Bd5 42. Qf2 c5 43. Qc2+ g6 44. Qe2 1-0

[Event "Wellington Club Championship - B Grade"]
[Site "Wellington Chess Club"]
[Date "2023.10.12"]
[Round "3.5"]
[White "Moses, Christopher"]
[Black "Keith, Matthew"]
[Result "0-1"]
[WhiteElo "1879"]
[BlackElo "1855"]

1. e4 c5 2. Nc3 d6 3. d4 cxd4 4. Qxd4 Nc6 5. Qd2 Nf6 6. b3 Qc7 7. Bb2 e5 8.
O-O-O Be6 9. f3 a6 10. Nge2 Be7 11. Nd5 Bxd5 12. exd5 Nb8 13. Ng3 g6 14. Ne4
Nbd7 15. Nxf6+ Nxf6 16. Bxe5 dxe5 17. d6 Bxd6 18. Qxd6 Qxd6 19. Rxd6 Ke7 20.
Rb6 Rab8 21. Rb4 Nd5 22. Re4 Kd6 23. Kb2 f5 24. Re1 b5 25. c4 bxc4 26. Bxc4
Rhc8 27. Bxa6 Rc5 28. Rc1 Nf4 29. Rhd1+ Rd5 30. g3 Ne6 31. Rxd5+ Kxd5 32. Bc4+
Kd6 33. Bxe6 Kxe6 34. a4 e4 35. fxe4 fxe4 36. a5 Ke5 37. a6 e3 38. Kc2 Rc8+ 39.
Kd1 e2+ 40. Kxe2 Rxc1 41. b4 Kd5 42. Kf3 Kc4 43. Kg4 Kxb4 44. h4 0-1

[Event "Wellington Club Championship - B Grade"]
[Site "Wellington Chess Club"]
[Date "2023.10.19"]
[Round "4.1"]
[White "Sethuramalingam, Karthik"]
[Black "Keith, Matthew"]
[Result "0-1"]
[WhiteElo "1730"]
[BlackElo "1855"]

1. d4 Nf6 2. c4 e6 3. Nf3 d5 4. g3 Bb4+ 5. Bd2 Be7 6. Bg2 O-O 7. O-O c6 8. Bf4
Nbd7 9. Qc2 Nh5 10. Bc1 Nhf6 11. Nbd2 b6 12. e4 Nxe4 13. Nxe4 dxe4 14. Qxe4 Bb7
15. Rd1 Qc7 16. Bf4 Qc8 17. Ne5 Nxe5 18. Qxe5 c5 19. d5 Rd8 20. dxe6 Bxg2 21.
exf7+ Kxf7 22. Kxg2 Qc6+ 23. Kg1 Bf6 24. Qe2 Rd4 25. Rxd4 Bxd4 26. Rd1 Re8 27.
Qh5+ Kg8 28. b3 Qe4 29. Qd5+ Qxd5 30. cxd5 Re2 31. Be3 Bxe3 32. fxe3 Rxe3 33.
Kf2 Re7 34. Kf3 Kf7 35. Rd2 Ke8 36. Re2 Rxe2 37. Kxe2 Ke7 38. Ke3 Kd6 39. Ke4
g6 40. h3 h6 41. g4 b5 42. a4 b4 43. h4 h5 44. gxh5 gxh5 45. a5 a6 46. Kd3 Kxd5
47. Kd2 c4 48. bxc4+ Kxc4 49. Kc2 Kb5 50. Kb3 Kxa5 0-1

[Event "Wellington Club Championship - B Grade"]
[Site "Wellington Chess Club"]
[Date "2023.10.19"]
[Round "4.2"]
[White "Malcolm, Aidan"]
[Black "Moses, Christopher"]
[Result "0-1"]
[WhiteElo "1831"]
[BlackElo "1879"]

1. e4 c6 2. d4 d5 3. Nd2 dxe4 4. Nxe4 Nf6 5. Nxf6+ exf6 6. c3 Bd6 7. Bd3 O-O 8.
Qc2 Re8+ 9. Ne2 h5 10. O-O h4 11. h3 Nd7 12. Be3 Nf8 13. c4 Be6 14. Rad1 Rc8
15. Rfe1 Bb8 16. Nf4 Qc7 17. Kf1 g5 18. Nh5 Qh2 19. Nxf6+ Kg7 20. Nxe8+ Rxe8
21. Ke2 Bf4 22. Rh1 Bg4+ 23. Kd2 Bxe3+ 24. fxe3 Qxg2+ 25. Kc1 Qxc2+ 26. Kxc2
Bxd1+ 27. Kxd1 Rxe3 28. Kd2 Rg3 29. Bf5 Ne6 30. d5 cxd5 31. cxd5 Nf4 32. d6 Kf6
33. Bc8 Rd3+ 34. Kc2 Rxd6 35. Bxb7 Nd5 36. Rf1+ Kg6 37. Kc1 Nf4 38. Rh1 f5 0-1

[Event "Wellington Club Championship - B Grade"]
[Site "Wellington Chess Club"]
[Date "2023.10.19"]
[Round "4.4"]
[White "Loke, Kayden"]
[Black "Tanoi, Edward"]
[Result "0-1"]
[WhiteElo "2045"]
[BlackElo "1934"]

1. c4 Nf6 2. g3 c6 3. Bg2 d5 4. cxd5 cxd5 5. e3 Bf5 6. Nc3 e6 7. Nf3 Be7 8. Nh4
Bg4 9. f3 Bh5 10. O-O Nc6 11. g4 Bg6 12. f4 Bd3 13. g5 Ne4 14. Re1 O-O 15. Qa4
Nb4 16. Bf1 Bxf1 17. Rxf1 a6 18. a3 b5 19. Qd1 Nd3 20. Qc2 Ndc5 21. b4 Nxc3 22.
Qxc3 Na4 23. Qb3 h6 24. Bb2 hxg5 25. Ng2 Nxb2 26. Qxb2 Bf6 27. d4 Rc8 28. fxg5
Bxg5 29. Rf3 Rc4 30. Raf1 Qc7 31. Rg3 Rc2 32. Qb1 Bh6 33. Qd1 f5 34. Qh5 Rf6
35. Nf4 Bxf4 36. Qe8+ Kh7 37. exf4 Rh6 38. h3 Rc1 39. Rf3 Rxf1+ 40. Kxf1 Qc4+
41. Kg2 Rg6+ 42. Rg3 Qe2+ 43. Kh1 Rxg3 44. Qh5+ Qxh5 45. Kh2 Qxh3# 0-1

[Event "Wellington Club Championship - B Grade"]
[Site "Wellington Chess Club"]
[Date "2023.10.19"]
[Round "4.5"]
[White "Sellen, Ian"]
[Black "Benitez, Edgar"]
[Result "1/2-1/2"]
[WhiteElo "2039"]
[BlackElo "1903"]

1. c4 c5 {Opening: A30: English Opening, Symmetrical Variation} 2. Nf3 g6 3.
Nc3 Bg7 4. g3 Nc6 5. Bg2 d6 6. O-O e5 7. d3 Nge7 8. Rb1 O-O 9. a3 a5 10. Bd2 h6
11. e3 Bf5 12. Ne1 Be6 13. Nd5 Rb8 14. b4 axb4 15. axb4 cxb4 16. Nxb4 d5 17.
cxd5 Nxd5 18. Nec2 Qd7 19. Qe2 Rfd8 20. Rfd1 Bg4 21. Bf3 Be6 22. Be1 Ncxb4 23.
Nxb4 Rdc8 24. Rdc1 Bf8 25. Nxd5 Bxd5 26. Bxd5 Qxd5 27. Rc3 Rxc3 28. Bxc3 Bg7
29. e4 Qd7 30. Rb3 b5 31. Qd2 g5 32. Kg2 f6 33. Qa2 Kh7 34. Bb4 Qf7 35. Qb2 Rb7
36. Ra3 Bf8 37. Ra8 Bxb4 38. Qxb4 Qe7 39. Qb3 Qf7 40. Qxf7+ Rxf7 41. Rb8 Rd7
42. Rxb5 Rxd3 43. Rb4 Kg6 44. h3 h5 45. f3 Rd2+ 46. Kg1 Rd3 47. Kf2 Rd2+ 48.
Kg1 Rd1+ 49. Kg2 Rd2+ 50. Kg1 1/2-1/2

[Event "Wellington Club Championship - B Grade"]
[Site "Wellington Chess Club"]
[Date "2023.10.26"]
[Round "5.2"]
[White "Tanoi, Edward"]
[Black "Sellen, Ian"]
[Result "1/2-1/2"]
[WhiteElo "1934"]
[BlackElo "2039"]

1. d4 d5 2. Nc3 Nf6 3. Bf4 g6 4. e3 Bg7 5. h4 c6 6. h5 Nxh5 7. Rxh5 gxh5 8.
Qxh5 Qd7 9. Qh2 Na6 10. Bxa6 bxa6 11. Nf3 Qf5 12. O-O-O Qg6 13. Ne2 Bg4 14. Nh4
Bxe2 15. Nxg6 hxg6 16. Qg3 Bxd1 17. Kxd1 O-O 18. Qg4 e6 19. Qe2 Rfc8 20. Qxa6
c5 21. c3 cxd4 22. exd4 Re8 23. Be5 Bxe5 24. dxe5 Reb8 25. b3 Rb6 26. Qd3 Rc8
27. g4 a5 28. f4 a4 29. Kc2 axb3+ 30. axb3 Ra8 31. Qd1 Rab8 32. b4 Rc8 33. Kb3
Rbc6 34. Qf3 Rc4 35. f5 gxf5 36. gxf5 exf5 37. Qxd5 Rxc3+ 38. Ka4 f4 39. b5 f3
40. b6 R8c4+ 1/2-1/2

[Event "Wellington Club Championship - B Grade"]
[Site "Wellington Chess Club"]
[Date "2023.10.26"]
[Round "5.3"]
[White "Jackson, Ross"]
[Black "Loke, Kayden"]
[Result "1-0"]
[WhiteElo "1925"]
[BlackElo "2045"]

1. d4 c5 2. d5 e6 3. dxe6 fxe6 4. Nf3 Nc6 5. e4 d5 6. exd5 exd5 7. c3 Bg4 8.
Be2 Nf6 9. O-O Bd6 10. h3 Bxf3 11. Bxf3 Ne7 12. c4 d4 13. Bxb7 Rb8 14. Bf3 O-O
15. Nd2 Bc7 16. Re1 Qd6 17. Nf1 Ng6 18. b3 Ne5 19. Bg5 Ba5 20. Bd2 Bxd2 21.
Nxd2 Nxf3+ 22. Nxf3 Rbe8 23. Qd3 Rxe1+ 24. Rxe1 Nh5 25. Ng5 g6 26. Qe4 d3 27.
Rd1 Nf4 28. Qb7 Ne2+ 29. Kh1 Rxf2 30. Qxh7+ Kf8 31. Qh8+ Ke7 32. Qh7+ Ke8 33.
Ne4 Ng3+ 34. Nxg3 Qxg3 35. Qg8+ Ke7 36. Qd5 Rxa2 37. Qxc5+ Kf7 38. Rf1+ Ke8 39.
Rf8+ Kd7 40. Qc8+ Ke7 41. Qd8+ Ke6 42. Qc8+ Kd6 43. Qb8+ Ke7 44. Qxg3 Kxf8 45.
Qxd3 Kg7 46. b4 Ra6 47. c5 Rf6 48. Qd7+ Rf7 49. c6 Kf8 50. Qxf7+ Kxf7 51. c7 g5
52. c8=Q Kg6 {and White won in 66 moves} 1-0

[Event "Wellington Club Championship - B Grade"]
[Site "Wellington Chess Club"]
[Date "2023.10.26"]
[Round "5.4"]
[White "Moses, Christopher"]
[Black "Rossiter, Philip E"]
[Result "1/2-1/2"]
[WhiteElo "1879"]
[BlackElo "1794"]

1. e4 d5 2. exd5 Nf6 3. d4 Bg4 4. Bb5+ c6 5. dxc6 Nxc6 6. Nf3 e6 7. O-O Bd6 8.
h3 Bh5 9. Qd3 Bg6 10. Qe2 Qc7 11. Ne5 O-O 12. Bxc6 bxc6 13. Nxg6 hxg6 14. Be3
Rad8 15. Nd2 Rfe8 16. Nc4 e5 17. dxe5 Bxe5 18. Nxe5 Qxe5 19. c4 Qf5 20. Rad1
Qe4 21. b3 Nh5 22. Qg4 Qc2 23. Rd7 Qxa2 24. Qd1 Rb8 25. Rxa7 Qxb3 26. Qd7 Qxc4
27. Rc1 Qe6 28. Qxc6 Rbc8 29. Qb5 Rxc1+ 30. Bxc1 Qe1+ 31. Kh2 Qe6 32. Be3 Qd6+
33. Kg1 Qd1+ 34. Qf1 1/2-1/2

[Event "Wellington Club Championship - B Grade"]
[Site "Wellington Chess Club"]
[Date "2023.10.26"]
[Round "5.5"]
[White "Keith, Matthew"]
[Black "Malcolm, Aidan"]
[Result "0-1"]
[WhiteElo "1855"]
[BlackElo "1831"]

1. Nf3 Nf6 2. c4 g6 3. d4 Bg7 4. g3 d6 5. Bg2 O-O 6. O-O c5 7. Nc3 Na6 8. d5
Rb8 9. Nd2 Nc7 10. e4 b5 11. Nxb5 Nxb5 12. cxb5 Rxb5 13. Qa4 Ra5 14. Qc2 c4 15.
Nxc4 Rc5 16. Be3 Rc7 17. b3 Ng4 18. Rae1 Ba6 19. Bd2 Qb8 20. Qd1 Ne5 21. Nxe5
Bxe5 22. f4 Bd4+ 23. Kh1 Bxf1 24. Bxf1 Qb6 25. Bc4 Rfc8 26. Qe2 Qb7 27. Qd3 Bg7
28. Ba6 Qa8 29. Bxc8 Qxc8 30. Qb1 Rc2 31. Rc1 Qg4 32. Rf1 Rxd2 0-1

[Event "Wellington Club Championship - B Grade"]
[Site "Wellington Chess Club"]
[Date "2023.11.02"]
[Round "6.1"]
[White "Sethuramalingam, Karthik"]
[Black "Malcolm, Aidan"]
[Result "1/2-1/2"]
[WhiteElo "1730"]
[BlackElo "1831"]

1. d4 Nf6 2. c4 e6 3. Nf3 b6 4. g3 Ba6 5. Qc2 c5 6. Bg2 Nc6 7. Qa4 Bb7 8. Ne5
Qc7 9. Nxc6 Bxc6 10. Bxc6 Qxc6 11. Qxc6 dxc6 12. dxc5 Bxc5 13. Nc3 h6 14. Bf4
O-O 15. O-O Rad8 1/2-1/2

[Event "Wellington Club Championship - B Grade"]
[Site "Wellington Chess Club"]
[Date "2023.11.02"]
[Round "6.2"]
[White "Rossiter, Philip E"]
[Black "Keith, Matthew"]
[Result "1/2-1/2"]
[WhiteElo "1794"]
[BlackElo "1855"]

1. Nf3 Nf6 2. b3 e6 3. Bb2 d5 4. e3 c5 5. c4 Be7 6. Be2 b6 7. O-O O-O 8. d4
dxc4 9. bxc4 Bb7 10. Nc3 Ne4 11. Qc2 Nxc3 12. Bxc3 Na6 13. a3 Rc8 14. Rfd1 cxd4
15. Nxd4 Qc7 16. Qb2 Bf6 17. Rac1 Nc5 18. Nb5 Bxc3 19. Qxc3 Qb8 20. Nd6 Ne4 21.
Nxe4 1/2-1/2

[Event "Wellington Club Championship - B Grade"]
[Site "Wellington Chess Club"]
[Date "2023.11.02"]
[Round "6.4"]
[White "Sellen, Ian"]
[Black "Jackson, Ross"]
[Result "1/2-1/2"]
[WhiteElo "2039"]
[BlackElo "1925"]
[PlyCount "66"]
[EventDate "2023.??.??"]

1. c4 Nf6 2. Nc3 e6 {Opening: A17: English Opening, Anglo-Indian
Defense, Hedgehog System} 3. Nf3 d5 4. e3 c5 5. d4 cxd4 6. exd4 Be7 7. Bd3 a6
8. a4 Nc6 9. O-O O-O 10. Re1 Nb4 11. Bf1 dxc4 12. Bxc4 Nbd5 13. Qb3 Nxc3 14.
bxc3 h6 15. Ne5 Nd5 16. f4 Nb6 17. Bd3 Nd5 18. Rb1 Qa5 19. Bd2 Bf6 20. Qc2 Qd8
21. Qd1 Bxe5 22. Rxe5 f6 23. Re1 f5 24. Re5 b6 25. Qb3 Rb8 26. Rbe1 b5 27. axb5
axb5 28. Bc4 Nc7 29. Be2 b4 30. Bc1 Nd5 31. Bc4 Nxc3 32. Bxe6+ Bxe6 33. Qxe6+
Kh8 1/2-1/2

[Event "Wellington Club Championship - B Grade"]
[Site "Wellington Chess Club"]
[Date "2023.11.02"]
[Round "6.5"]
[White "Benitez, Edgar"]
[Black "Tanoi, Edward"]
[Result "1-0"]
[WhiteElo "1903"]
[BlackElo "1934"]
[PlyCount "81"]
[EventDate "2023.??.??"]

1. d4 g6 2. e4 Bg7 3. Nf3 d6 4. Bf4 a6 5. Bc4 e6 6. O-O h6 7. c3 Ne7 8. Qd2 b5
9. Bd3 Bb7 10. Re1 Nd7 11. Na3 e5 12. Bg3 O-O 13. h3 Kh7 14. Rad1 exd4 15. cxd4
Nc6 16. Bb1 Nb6 17. b3 Re8 18. Nc2 Ne7 19. Ne3 Rc8 20. d5 Nd7 21. Ng4 h5 22.
Ne3 Ne5 23. Ng5+ Kg8 24. f4 Nd7 25. h4 c5 26. Nf3 c4 27. e5 c3 28. Qc2 Nf8 29.
f5 dxe5 30. d6 Nc6 31. d7 Nxd7 32. fxg6 f6 33. Qf5 Ncb8 34. Qxh5 Qc7 35. Qh7+
Kf8 36. Nf5 Nc5 37. h5 Ne6 38. h6 Re7 39. hxg7+ Rxg7 40. Qh8+ Rg8 41. Qxf6+ 1-0

[Event "Wellington Club Championship - B Grade"]
[Site "Wellington Chess Club"]
[Date "2023.11.09"]
[Round "7.1"]
[White "Tanoi, Edward"]
[Black "Sethuramalingam, Karthik"]
[Result "0-1"]
[WhiteElo "1934"]
[BlackElo "1730"]

1. b3 d5 2. Bb2 c5 3. e3 Nc6 4. d3 e5 5. Nd2 Nf6 6. g3 Bg4 7. f3 Be6 8. Bg2 Bd6
9. Ne2 Qd7 10. h3 O-O-O 11. a3 Nh5 12. g4 Nf6 13. f4 exf4 14. exf4 Qe7 15. f5
Bd7 16. O-O Qe3+ 17. Kh1 Nxg4 18. hxg4 Qh6+ 19. Kg1 Qh2+ 20. Kf2 Qh4+ 21. Ng3
Qxg3+ 22. Ke2 Qxg2+ 23. Rf2 Rde8+ 24. Ne4 Qxg4+ 25. Kf1 Qh3+ 26. Rg2 dxe4 27.
dxe4 Qh1+ 28. Kf2 Qxd1 29. Rxd1 Be5 30. Bxe5 Nxe5 31. Rxg7 Reg8 32. Rxg8+ Rxg8
33. Rd5 Ng4+ 34. Ke2 b6 35. Rd6 Kc7 36. Rd1 Nf6 37. Ke3 Rg2 38. c4 Rg4 39. Rf1
Rxe4+ 40. Kd3 Re5 41. b4 Rxf5 0-1

[Event "Wellington Club Championship - B Grade"]
[Site "Wellington Chess Club"]
[Date "2023.11.09"]
[Round "7.2"]
[White "Jackson, Ross"]
[Black "Benitez, Edgar"]
[Result "1/2-1/2"]
[WhiteElo "1925"]
[BlackElo "1903"]
[PlyCount "67"]
[EventDate "2023.??.??"]

1. d4 Nf6
2. Nf3 d5 3. Bf4 Bf5 4. c3 c6 5. h3 e6 6. Qb3 Qb6 7. Nbd2 c5 8. Nh4 Be4 9. f3
Bg6 10. Nxg6 hxg6 11. e3 Nbd7 12. Qxb6 Nxb6 13. dxc5 Bxc5 14. Nb3 Be7 15. Na5
O-O 16. Nxb7 a5 17. Nd6 g5 18. Bh2 Bxd6 19. Bxd6 Rfc8 20. Bd3 Nc4 21. Bxc4 dxc4
22. Be7 Rab8 23. Bxf6 gxf6 24. Rb1 a4 25. a3 Rd8 26. Ke2 Rd3 27. Rhd1 Rxd1 28.
Kxd1 Rd8+ 29. Ke2 f5 30. f4 f6 31. Rd1 Rb8 32. Rd2 Kf7 33. Kf3 e5 34. fxe5
1/2-1/2

[Event "Wellington Club Championship - B Grade"]
[Site "Wellington Chess Club"]
[Date "2023.11.09"]
[Round "7.3"]
[White "Moses, Christopher"]
[Black "Sellen, Ian"]
[Result "0-1"]
[WhiteElo "1879"]
[BlackElo "2039"]
[Annotator "gordo"]
[PlyCount "62"]
[EventDate "2023.??.??"]

1. e4 e6 2. d4 d5
3. e5 {Opening: C02: French Defense, Advance Variation} c5 4. Nf3 cxd4 5. Bd3
Nc6 6. O-O g6 7. Re1 Bg7 8. Nbd2 Qc7 9. Bb5 Bd7 10. Bxc6 bxc6 11. Nb3 c5 12.
Bf4 Ne7 13. Rc1 a5 14. c4 a4 15. Nbd2 Qb6 16. b3 O-O 17. Rb1 Qa7 18. Qe2 Nc6
19. Ng5 axb3 20. axb3 Nb4 21. Bg3 h6 22. Ngf3 Qb7 23. cxd5 exd5 24. e6 Bxe6 25.
Ne5 Bf5 26. Rbc1 Rfe8 27. Qf3 Bxe5 28. Rxe5 Rxe5 29. Bxe5 Nd3 30. g4 Nxe5 31.
Qg3 Nxg4 0-1

[Event "Wellington Club Championship - B Grade"]
[Site "Wellington Chess Club"]
[Date "2023.11.09"]
[Round "7.5"]
[White "Malcolm, Aidan"]
[Black "Rossiter, Philip E"]
[Result "0-1"]
[WhiteElo "1831"]
[BlackElo "1794"]

1. e4 e6 2. d4 d5 3. e5 c5 4. Qg4 Nc6 5. Nf3 Bd7 6. dxc5 Nge7 7. Bd3 Ng6 8.
Bxg6 hxg6 9. O-O Bxc5 10. c3 Qc7 11. Bf4 O-O-O 12. b4 Be7 13. a4 Rh5 14. Nbd2
Rdh8 15. a5 Qd8 16. Nb3 g5 17. Be3 f5 18. exf6 gxf6 19. b5 Ne5 20. Nxe5 Rxh2
21. f3 fxe5 22. Bxa7 R2h4 23. Bb6 Qf8 24. Qg3 Bd6 25. a6 Rh1+ 26. Kf2 Rxf1+ 27.
Rxf1 bxa6 28. bxa6 e4 29. Qxg5 exf3 30. gxf3 Rg8 31. Qc1 Bg3+ 32. Ke2 Bb5+ 33.
c4 Bxc4+ 34. Kd1 Qb4 35. Na5 Qxb6 36. Nxc4 Qb3+ 37. Qc2 Qxc2+ 38. Kxc2 dxc4 39.
Kc3 Kc7 40. Rd1 Ra8 41. Kxc4 Rxa6 42. Kb5 Rd6 43. Rg1 Bf4 44. Rg7+ Rd7 45. Rg6
Rd5+ 46. Kc4 Kd6 47. Rf6 Ke5 48. Rf8 Rd4+ 49. Kc3 Ra4 50. Kd3 Ra3+ 51. Ke2 Bg5
52. Rb8 Ra2+ 0-1

[Event "Wellington Club Championship - B Grade"]
[Site "Wellington Chess Club"]
[Date "2023.11.16"]
[Round "8.1"]
[White "Sethuramalingam, Karthik"]
[Black "Rossiter, Philip E"]
[Result "1-0"]
[WhiteElo "1730"]
[BlackElo "1794"]

1. d4 Nf6 2. c4 e6 3. Nf3 Bb4+ 4. Bd2 Qe7 5. a3 Bxd2+ 6. Qxd2 d6 7. Nc3 Nc6 8.
e4 e5 9. d5 Nb8 10. c5 O-O 11. cxd6 cxd6 12. Rc1 Bg4 13. Be2 Nbd7 14. b4 Rfc8
15. O-O a5 16. Nh4 Bxe2 17. Qxe2 g6 18. Nf3 Nh5 19. Qb5 axb4 20. axb4 Ndf6 21.
Nd2 Rc7 22. Nc4 Nd7 23. Ne2 Rac8 24. Na5 Ndf6 25. f3 Rxc1 26. Rxc1 Rxc1+ 27.
Nxc1 Qc7 28. Ne2 Qc2 29. g3 Qd2 30. Nxb7 g5 31. Nxd6 Qe3+ 32. Kg2 Kg7 33. Nf5+
1-0

[Event "Wellington Club Championship - B Grade"]
[Site "Wellington Chess Club"]
[Date "2023.11.16"]
[Round "8.3"]
[White "Sellen, Ian"]
[Black "Keith, Matthew"]
[Result "1/2-1/2"]
[WhiteElo "2039"]
[BlackElo "1855"]
[PlyCount "60"]
[EventDate "2023.??.??"]

1. c4 e6 {Opening: A13:
English Opening, Agincourt Defense} 2. Nc3 d5 3. d4 Nf6 4. Bg5 Nbd7 5. e3 Be7
6. Nf3 c6 7. Qc2 O-O 8. Bd3 dxc4 9. Bxc4 Nd5 10. Bxe7 Qxe7 11. O-O Nxc3 12.
bxc3 b6 13. Rfe1 Bb7 14. Bd3 h6 15. e4 e5 16. Rad1 c5 17. Bb5 exd4 18. Bxd7
Qxd7 19. cxd4 cxd4 20. Rxd4 Qe7 21. Red1 Rfd8 22. Rxd8+ Rxd8 23. Rxd8+ Qxd8 24.
h3 Qc8 25. Qxc8+ Bxc8 26. Kf1 Kf8 27. Ke2 Ke7 28. Ke3 Be6 29. a3 Kd6 30. Kd4 b5
1/2-1/2

[Event "Wellington Club Championship - B Grade"]
[Site "Wellington Chess Club"]
[Date "2023.11.16"]
[Round "8.4"]
[White "Benitez, Edgar"]
[Black "Moses, Christopher"]
[Result "0-1"]
[WhiteElo "1903"]
[BlackElo "1879"]

1. d4 d5 2. Nc3 Nf6 3. Bf4 c5 4. e3 a6 5. Nf3 Nc6 6. h3 Bf5 7. Be2 e6 8. O-O
Bd6 9. Bxd6 Qxd6 10. a3 h5 11. Nh4 Bxh3 12. gxh3 g5 13. Ng2 g4 14. h4 Ke7 15.
Na4 cxd4 16. exd4 Ne4 17. Nc5 Nxc5 18. dxc5 Qxc5 19. b4 Qb6 20. Qd2 Rag8 21.
Kh1 Qc7 22. c4 dxc4 23. Qf4 Qxf4 24. Nxf4 b5 25. Kh2 Nd4 26. Bd1 Kd6 27. Rc1 e5
28. Ng2 f5 29. Rc3 f4 30. Re1 Rg7 31. Re4 Kd5 32. Re1 Rhg8 33. Rf1 Nf5 34. Re1
Kd4 35. Rc1 g3+ 36. fxg3 Rxg3 37. Rc2 Rd3 38. Be2 Rxg2+ 39. Kxg2 Ne3+ 40. Kf2
Nxc2 41. Bxd3 cxd3 42. Rg1 e4 43. Rg8 e3+ 44. Kf3 e2 0-1

[Event "Wellington Club Championship - B Grade"]
[Site "Wellington Chess Club"]
[Date "2023.11.16"]
[Round "8.5"]
[White "Tanoi, Edward"]
[Black "Jackson, Ross"]
[Result "1-0"]
[WhiteElo "1934"]
[BlackElo "1925"]

1. d4 d5 2. Nc3 Nf6 3. Bf4 e6 4. Nb5 Na6 5. e3 c6 6. Nc3 Nc7 7. Bd3 Bd6 8. Nf3
c5 9. dxc5 Bxc5 10. Qe2 O-O 11. h4 Bd6 12. Ne5 Bxe5 13. Bxe5 Na6 14. h5 Nb4 15.
O-O-O Nxd3+ 16. Rxd3 Ne8 17. h6 f6 18. hxg7 Nxg7 19. Bd4 b6 20. e4 Ba6 21. exd5
Bxd3 22. Qxd3 e5 23. Be3 f5 24. Bh6 Qf6 25. Qd2 Qg6 {= (draw offer)} 26. Rh3 f4
27. f3 Rf7 28. Rh4 Kh8 29. Qe2 Re8 30. Rh3 Nf5 31. Bxf4 {Black lost on time}
1-0

[Event "Wellington Club Championship - B Grade"]
[Site "Wellington Chess Club"]
[Date "2023.11.23"]
[Round "9.1"]
[White "Jackson, Ross"]
[Black "Sethuramalingam, Karthik"]
[Result "0-1"]
[WhiteElo "1925"]
[BlackElo "1730"]

1. d4 d5 2. c4 e6 3. Nc3 Be7 4. Nf3 Nf6 5. cxd5 Nxd5 6. e4 Nf6 7. Be2 Bb4 8.
Qc2 Nc6 9. a3 Ba5 10. Be3 Ng4 11. O-O O-O 12. Rad1 Bb6 13. Na4 Ne7 14. Bg5 f6
15. Bf4 f5 16. Nxb6 cxb6 17. Bc7 Qe8 18. h3 Nf6 19. exf5 exf5 20. Ne5 Be6 21.
Bd6 Rc8 22. Qb1 Ne4 23. Bxe7 Qxe7 24. Bd3 Bb3 25. Bxe4 fxe4 26. Rd2 Qg5 27. Re2
Bd5 28. Rxe4 Bxe4 29. Qxe4 Qf4 30. Qd5+ Kh8 31. g3 Qf5 32. Qxb7 Rc2 33. g4 Qf4
34. Qg2 Qxd4 35. Qg3 Qf4 36. Qxf4 Rxf4 37. Nd3 Rfc4 38. Re1 Rc8 39. Kg2 h6 40.
Kg3 Rd2 41. Re3 Rd8 42. Ne5 Kg8 43. Nc6 R8d7 44. Ne5 Re7 45. Nc4 Rxe3+ 46. fxe3
Rc2 47. b3 Rc3 48. Kf4 Rxb3 49. e4 Kf7 50. Ke5 Ke7 51. g5 Rc3 52. Kd5 Rg3 53.
a4 Rxg5+ 54. Ne5 Rg1 55. Nc6+ Kd7 56. Nxa7 Ra1 57. Nb5 Rxa4 58. Nc3 Ra5+ 59.
Kd4 Rh5 60. Nd5 b5 61. Kc5 Rxh3 62. Nb6+ Ke6 0-1

[Event "Wellington Club Championship - B Grade"]
[Site "Wellington Chess Club"]
[Date "2023.11.23"]
[Round "9.2"]
[White "Chris Moses"]
[Black "T.E.Tanoi"]
[Result "0-1"]
[WhiteElo "1879"]
[BlackElo "1935"]
[PlyCount "72"]
[EventDate "2023.??.??"]

1. e4 c5 2.
c3 d6 3. d4 cxd4 4. cxd4 e6 5. Nf3 Nf6 6. Nc3 Be7 7. Bd3 h6 8. O-O O-O 9. Re1
Nc6 10. e5 Nd5 11. Nxd5 exd5 12. h3 dxe5 13. dxe5 Nb4 14. Bb1 Be6 15. a3 Nc6
16. Qd3 g6 17. Bxh6 Re8 18. Nd4 Nxd4 19. Qxd4 Bg5 20. Bxg5 Qxg5 21. Re3 Rac8
22. Bd3 b6 23. Rae1 Rc7 24. f4 Qh4 25. Rf1 Rec8 26. Rff3 Rc1+ 27. Kh2 Rd1 28.
Qa4 Rcc1 29. Bf1 Rxf1 30. Rxf1 Rxf1 31. Qxa7 Qxf4+ 32. Rg3 Qc1 33. Rf3 Rh1+ 34.
Kg3 Qe1+ 35. Kf4 Qe4+ 36. Kg3 Qxe5+ 0-1

[Event "Wellington Club Championship - B Grade"]
[Site "Wellington Chess Club"]
[Date "2023.11.23"]
[Round "9.4"]
[White "Malcolm, Aidan"]
[Black "Sellen, Ian"]
[Result "1-0"]
[WhiteElo "1831"]
[BlackElo "2039"]
[PlyCount "59"]
[EventDate "2023.??.??"]

1. e4 e6 2. d4 d5 3. e5 {C02: French Defense, Advance Variation} c5 4. c3
Qb6 5. Nf3 Bd7 6. Bd3 Bb5 7. O-O Bxd3 8. Qxd3 Nc6 9. Re1 cxd4 10. Ng5 Be7 11.
Qg3 dxc3 12. Nxc3 Nd4 13. Qd3 h6 14. Nxf7 Kxf7 15. Be3 Nf3+ 16. gxf3 Qd8 17.
Kh1 Bf8 18. Rg1 Ne7 19. Nb5 Nf5 20. Nd4 Nxd4 21. Bxd4 Qe7 22. Rac1 Ke8 23. Rc2
Kf7 24. Rgc1 Qg5 25. Rc7+ Be7 26. Rg1 Qf5 27. Qa3 Rhe8 28. Bc5 Qxe5 29. Rxb7
Qf6 30. Bxe7 1-0

[Event "Wellington Club Championship - B Grade"]
[Site "Wellington Chess Club"]
[Date "2023.11.30"]
[Round "1.4"]
[White "Tanoi, Edward"]
[Black "Keith, Matthew"]
[Result "1-0"]
[WhiteElo "1934"]
[BlackElo "1855"]
[PlyCount "75"]
[EventDate "2023.09.26"]

1. d4 Nf6 2. c4 e6 3. Nf3 d5 4. Nc3 Bb4 5. Bg5 O-O 6. Bxf6 Qxf6
7. e3 c5 8. a3 Bxc3+ 9. bxc3 Rd8 10. Bd3 dxc4 11. Bxc4 a6 12. a4 Nc6 13. Qc2
Rb8 14. a5 e5 15. d5 Ne7 16. e4 Ng6 17. O-O Nf4 18. Rfe1 Nxg2 19. Bf1 Nxe1 20.
Nxe1 Qg6+ 21. Kh1 f5 22. Bg2 b6 23. Nd3 Qf6 24. axb6 fxe4 25. Bxe4 Bf5 26. Nxc5
Bxe4+ 27. Qxe4 Rxb6 28. Nd3 Rdb8 29. Nb4 Qxf2 30. Rg1 a5 31. Nc6 Rb2 32. Rxg7+
Kxg7 33. Qxe5+ Kh6 34. Qe6+ Kh5 35. Qe5+ Kg4 36. Qe4+ Qf4 37. Ne5+ Kh3 38.
Qxh7+ 1-0